| 000 | 00626nam a2200205 4500 | ||
|---|---|---|---|
| 003 | OSt | ||
| 005 | 20260530113843.0 | ||
| 008 | 260506b |||||||| |||| 00| 0 spa d | ||
| 020 | _a9780486233574 | ||
| 040 |
_aICI _bspa _cICI |
||
| 050 |
_aNC1002 _b.M63 |
||
| 100 | 1 |
_aModley, Rudolf _930480 |
|
| 245 | 1 | 0 |
_aHandbook of of Pictorial Symbols; _b3,250 Examples from International Sources _cRudolf Modley; William R. Meyers |
| 264 | 1 |
_bDover Publications _c1976 _aEstados Unidos |
|
| 300 | _a141 páginas | ||
| 336 |
_atexto _2rdacontent |
||
| 337 |
_asin medio _2rdamedia |
||
| 338 |
_avolumen _2rdacarrier |
||
| 942 |
_2lcc _cBK _n1 |
||
| 999 |
_c11202 _d11202 |
||